|
|
|
|
| LEADER |
00000nam0a2200000 4500 |
| 001 |
25509 |
| 005 |
20231030201006.0 |
| 010 |
|
|
|a 5938070015
|
| 035 |
|
|
|a (RuTPU)RU\TPU\book\25745
|
| 035 |
|
|
|a BOOK00025820
|
| 090 |
|
|
|a 25509
|
| 100 |
|
|
|a 20011209d2000 m y0rusy50 ca
|
| 101 |
0 |
|
|a rus
|
| 102 |
|
|
|a RU
|
| 105 |
|
|
|a y j 000zy
|
| 200 |
1 |
|
|a Сборник тестов и заданий по теории бухгалтерского учета
|f В. И. Ткач [и др.]
|
| 210 |
|
|
|a Ростов-на-Дону
|c Экспертное бюро
|d 2000
|
| 215 |
|
|
|a 192 с.
|
| 333 |
|
|
|a Исключено из фонда НТБ ТПУ
|
| 701 |
|
1 |
|a Ткач
|b В. И.
|
| 701 |
|
1 |
|a Богатая
|b И. Н.
|
| 701 |
|
1 |
|a Лютов
|b В. Л.
|
| 701 |
|
1 |
|a Шагал
|b И. Л.
|
| 701 |
|
1 |
|a Файзенберг
|b М. В.
|
| 801 |
|
0 |
|a RU
|b 63413507
|c 20011209
|g PSBO
|
| 801 |
|
2 |
|a RU
|b 63413507
|c 20150824
|g PSBO
|
| 942 |
|
|
|c BK
|